Ostro strážený trh

Prieskum trhu s pracími a čistiacimi prostriedkami na Slovensku. Akú formu pracieho prostriedku spotrebitelia uprednostňujú - práškovú alebo gelovú. Trh s avivážami rastie. Preferencia značky pri pracích prostriedkoch. Kde predávať pracie prostriedky.

Salvato in:
Dettagli Bibliografici
Autore principale: Hinková-Dibarborová, Andrea
Natura: Capitolo di libro
Lingua:slovacco
Soggetti:
Tags: Aggiungi Tag
Nessun Tag, puoi essere il primo ad aggiungerne!!

MARC

LEADER 00000naa a2200000 4500
001 r045907
005 20231004094159.4
041 0 |a slo 
044 |a SK 
245 1 0 |a Ostro strážený trh  |c Andrea Hinková 
520 |a Prieskum trhu s pracími a čistiacimi prostriedkami na Slovensku. Akú formu pracieho prostriedku spotrebitelia uprednostňujú - práškovú alebo gelovú. Trh s avivážami rastie. Preferencia značky pri pracích prostriedkoch. Kde predávať pracie prostriedky. 
610 2 0 |a prieskum trhu 
610 2 0 |a prostriedky čistiace 
610 2 0 |a výrobky chemické 
610 2 0 |a tovar drogeristický 
610 2 0 |a značky výrobkov 
610 2 0 |a spotrebitelia 
100 1 |a Hinková-Dibarborová, Andrea